000 00317nam a2200121 a 4500
001 4144
005 20140414131957.0
008 090317s19uu xx 00 eng d
050 _aTR 649.123
_bW15 2003
100 _aWallis, Michelle
245 _aA Parent's guide to preparing your child for school.
999 _c112973
_d112973